000 00306 a2200145 4500
001 155323
040 _cEscola São Tomás de Aquino
100 _aDANTE, Luiz Roberto
240 1 0 _aMatemática
_lpor
245 1 0 _aMatemática
300 _a216
362 0 _a2011
697 _aMATEMÁTICA
942 _cBK
999 _c155323
_d155323